The secret of the Lord. (Record no. 5043)

000 -LEADER
fixed length control field 00562nam a2200181 a 4500
001 - CONTROL NUMBER
control field :::00002784$&:&@@
003 - CONTROL NUMBER IDENTIFIER
control field OkBaRHE
005 - DATE AND TIME OF LATEST TRANSACTION
control field 20000607103257.0
008 - FIXED-LENGTH DATA ELEMENTS--GENERAL INFORMATION
fixed length control field j 000 0 eng u
040 ## - CATALOGING SOURCE
Transcribing agency
100 1# - MAIN ENTRY--PERSONAL NAME
Personal name Clow, W. M. (William MacCallum), 1853-1930.
245 14 - TITLE STATEMENT
Title The secret of the Lord.
260 ## - PUBLICATION, DISTRIBUTION, ETC. (IMPRINT)
Place of publication, distribution, etc New York, NY., :
Name of publisher, distributor, etc Hodder and Stoughton
Date of publication, distribution, etc nd
300 ## - PHYSICAL DESCRIPTION
Extent 353 p. ;
Dimensions 20 cm.
650 ## - SUBJECT ADDED ENTRY--TOPICAL TERM
Topical term or geographic name as entry element Jesus Christ
General subdivision Teachings
942 ## - ADDED ENTRY ELEMENTS (KOHA)
Source of classification or shelving scheme
Koha item type Books
Copies
Date acquired Source of classification or shelving scheme Copy number Withdrawn status Full call number Damaged status Koha item type Lost status Shelving location Permanent Location Price effective from Date last seen Barcode Not for loan
2010-04-14 1 BS 2417 .C57 Books General StacksRHEMA Bible Training College2010-04-142018-03-162784